000 01216nam a22002777a 4500
005 20160316020002.0
008 14924 s2011 ck ab gr 000 0dspa d
020 _a9789587196030
040 _aCO-BoIAVH
_cCO-BoIAVH
041 0 _aspa
044 _ack
082 0 4 _a333.72
_bA28m
100 1 _aAhumada, Jorge
_934143
245 1 0 _aMamíferos, reptiles y ecosistemas del Bloque Cubiro (Casanare) :
_bEducación Ambiental para la Conservación
_ceditor Tomás León Sicard ; autores Jorge Andersson Ahumada ... [et al.].
260 3 _aBogotá :
_bUniversidad Nacional de Colombia. Facultad de Ciencias. Departamento de Biología. IDEA,
_c2011.
300 _a429 p. :
_bil.
_c23 cm. +
_e1 CD-Rom.
504 _aIncluye bibliografía.
650 4 _aProtección del medio ambiente
_x Enseñanza
_z Casanare (Colombia)
_934274
650 4 _aConservación de los recursos naturales
_z Casanare (Colombia)
_934275
650 4 _aReptiles
_z Casanare (Colombia)
_934276
650 6 _aMamíferos
_z Casanare (Colombia)
_934277
650 4 _aEducación ambiental
_z Casanare (Colombia)
_934278
700 1 _aLeón-Sicard, Tomás Enrique,
_eed.
_97351
700 1 _aAhumada, Jorge Andersson.
_934279
942 _2ddc
_cLIBRO
_03
999 _c8727
_d8727